Stay the Hand of Vengeance : (Record no. 13979)

MARC details
000 -LEADER
fixed length control field 01449cam a22003254a 4500
001 - CONTROL NUMBER
control field 11949623
005 - DATE AND TIME OF LATEST TRANSACTION
control field 20160726161800.0
008 - FIXED-LENGTH DATA ELEMENTS--GENERAL INFORMATION
fixed length control field 000322s2000 njub | 001 0 eng d
010 ## - LIBRARY OF CONGRESS CONTROL NUMBER
LC control number 00036692
020 ## - INTERNATIONAL STANDARD BOOK NUMBER
International Standard Book Number 9780691092782
020 ## - INTERNATIONAL STANDARD BOOK NUMBER
International Standard Book Number 0691092788
040 ## - CATALOGING SOURCE
Original cataloging agency DLC
Transcribing agency DLC
Modifying agency DLC
042 ## - AUTHENTICATION CODE
Authentication code pcc
050 00 - LIBRARY OF CONGRESS CALL NUMBER
Classification number KZ6310
Item number .B37 2000
082 00 - DEWEY DECIMAL CLASSIFICATION NUMBER
Edition number 21
Classification number 341.69
Item number BAS
100 1# - MAIN ENTRY--PERSONAL NAME
Personal name Bass, Gary Jonathan,
Dates associated with a name 1969-
9 (RLIN) 13940
245 10 - TITLE STATEMENT
Title Stay the Hand of Vengeance :
Remainder of title The Politics of War Crimes Tribunals /
Statement of responsibility, etc Gary Jonathan Bass.
260 ## - PUBLICATION, DISTRIBUTION, ETC. (IMPRINT)
Place of publication, distribution, etc Princeton, N.J. :
Name of publisher, distributor, etc Princeton University Press,
Date of publication, distribution, etc c2000.
300 ## - PHYSICAL DESCRIPTION
Extent 424 p. :
Other physical details 1 map ;
Dimensions 24 cm.
490 #0 - Series Statement
Series statement Princeton studies in international history and politics
-- 13944
504 ## - BIBLIOGRAPHY, ETC. NOTE
Bibliography, etc Includes bibliographical references and index.
650 #0 - SUBJECT ADDED ENTRY--TOPICAL TERM
Topical term or geographic name as entry element War crime trials.
9 (RLIN) 13942
650 #0 - SUBJECT ADDED ENTRY--TOPICAL TERM
Topical term or geographic name as entry element Law
General subdivision Political aspects.
9 (RLIN) 13943
650 #0 - SUBJECT ADDED ENTRY--TOPICAL TERM
9 (RLIN) 13941
Topical term or geographic name as entry element International criminal courts
856 41 - ELECTRONIC LOCATION AND ACCESS
Materials specified Sample text
Uniform Resource Identifier <a href="http://www.loc.gov/catdir/samples/prin031/00036692.html">http://www.loc.gov/catdir/samples/prin031/00036692.html</a>
856 41 - ELECTRONIC LOCATION AND ACCESS
Materials specified Table of contents
Uniform Resource Identifier <a href="http://www.loc.gov/catdir/toc/prin031/00036692.html">http://www.loc.gov/catdir/toc/prin031/00036692.html</a>
856 42 - ELECTRONIC LOCATION AND ACCESS
Materials specified Publisher description
Uniform Resource Identifier <a href="http://www.loc.gov/catdir/description/prin022/00036692.html">http://www.loc.gov/catdir/description/prin022/00036692.html</a>
942 ## - ADDED ENTRY ELEMENTS (KOHA)
Source of classification or shelving scheme Dewey Decimal Classification
Item type Book - Borrowing
Holdings
Withdrawn status Item status Source of classification or shelving scheme Damaged status Not for loan Vendor Home library Current library Shelving location Date acquired Source of acquisition Cost, normal purchase price Serial Enumeration / chronology Total Checkouts Total Renewals Full call number Barcode Date last seen Date last borrowed Koha item type
    Dewey Decimal Classification     Baccah Central Library Central Library First floor 15/05/2010   144.00 10268 2 16 341.69 BAS 000020714 15/07/2025 17/02/2015 Book - Borrowing